000 01822cam a22004335a 4500
001 14146987
003 EG-ScBUE
005 20220522112546.0
008 051019r20072005enka f 000 0 eng d
020 _a9780521613712
035 _a(OCoLC)ocm61808524
040 _aCU3SL
_beng
_erda
_cCU3SL
_dDLC
_dDLC
_dEG-ScBUE
_dEG-ScBUE
082 0 4 _a428.24
_bFAC
_222
245 0 0 _aFace2face,
_pElementary,
_pTeacher's book /
_cChris Redston, [three others] ; tests by Anthea Bazin.
246 3 _aFace to face
246 3 0 _aElementary
246 3 0 _aTeacher's book
250 _aFourth printing.
264 1 _aCambridge :
_bCambridge University Press,
_c2007.
300 _a224 pages :
_bcolor illustrations ;
_c28 cm
336 _2rdacontent
_atext
_btxt
337 _2rdamedia
_aunmediated
_bn
338 _2rdacarrier
_avolume
_bnc
521 _aFor A1 & A2 learners.
538 _aAccompanying CD-ROMs / Audio CD for Windows 98 SE, NT4, ME, 2000, XP.
650 7 _aEnglish language
_xStudy and teaching (Higher)
_vForeign speakers.
_2BUEsh
_98050
650 7 _aEnglish language
_xGrammar
_vProblems, exercises, etc.
_2BUEsh
650 7 _aEnglish language
_xRhetoric
_vProblems, exercises etc.
_2BUEsh
650 7 _aVocabulary
_vProblems, exercises, etc.
_2BUEsh
651 _2BUEsh
653 _bHHUUEENN
_cAugust2015
_cJanuary2019
655 _vReading book
_934232
700 1 _aRedston, Chris,
_eauthor.
_9474
700 1 _aBazin, Anthea,
_eeditor.
_936017
856 4 2 _3Publisher description
_uhttp://www.loc.gov/catdir/enhancements/fy0632/2005283162-d.html
942 _2ddc
_cTR
999 _c10213
_d10213